| 000 | 00713nam a2200205 4500 | ||
|---|---|---|---|
| 003 | SEM | ||
| 005 | 20250606150822.0 | ||
| 008 | 250409s1968 le ||||gr||||||01|||eng|d | ||
| 040 |
_aSEM _cSEM |
||
| 041 |
_aeng. _afr. |
||
| 080 | _a344.1(56․94)/D-46 | ||
| 245 |
_aThe desecration of christian cemeteries and church property in Israel =La profanation des Cimetières Chrétiens et des Biens d'Églises en Israël / _cThe Institute for Palestine Studies |
||
| 260 |
_aBeirut : _bCatholic Press, _c1968. |
||
| 300 |
_as. i ; _bill., _c22 cm |
||
| 650 |
_aVandalism _zIsrael |
||
| 650 |
_aMilitary criminal law _xdestruction |
||
| 653 | _aՍԷՄ | ||
| 710 | _aThe Institute for Palestine Studies | ||
| 942 |
_2udc _cBK |
||
| 999 |
_c76150 _d76150 |
||